000 00907nam a2200229Ii 4500
003 JO-AjNU
008 230605s9999||||xx |||||||||||||| ||und||
017 _a2012/12/4645
020 _a978-9957-94-019-5
040 _aJO-AjNU
_bara
_erda
_cJO-AjNU
041 _aara
050 1 4 _aPJ7577.A2812 2013
100 3 _aتأليف أبو الشعر،عقيل؛ ترجمة وملاحظات كاظم، عدنان عبد الحميد,
_eauthor
_948354
245 0 0 _aإرادة الله:رواية تاريخية عادات شرقية معاصرة وفظائع الإستبداد التركي في فلسطين
250 _aط1
264 3 1 _aعمان:وزارة الثقافة،2013
300 _a264ص
336 _atext
_btxt
_2rdacontent
337 _aunmediated
_bn
_2rdamedia
338 _avolume
_bnc
_2rdacarrier
650 4 _aفلسطين-الإستبداد التركي-تاريخ-رواية
_948355
999 _aA21170
_c24738
_d24738